000 00423nam a2200193Ia 4500
005 20250423101319.0
008 250422s9999 xx 000 0 und d
020 _a978-0-435899-37-0
050 _aPZ 3 .R27 .R45/
100 _aReid, Stephen
245 4 _aThe leopard
250 _a2nd ed.
260 _aHarlow
260 _bHeinemann
260 _c2008
300 _a108 p
650 _aLiterature
942 _cBK
999 _c35942
_d35942